TEST Punsarn (ระเบียนเลขที่ 101499)
| 000 -LEADER | |
|---|---|
| fixed length control field | 00298nam a22001337a 4500 |
| 003 - CONTROL NUMBER IDENTIFIER | |
| control field | NALT |
| 005 - DATE AND TIME OF LATEST TRANSACTION | |
| control field | 20230309165954.0 |
| 008 - FIXED-LENGTH DATA ELEMENTS--GENERAL INFORMATION | |
| fixed length control field | 230309b th ||||| |||| 00| 0 tha d |
| 040 ## - CATALOGING SOURCE | |
| Original cataloging agency | NALT |
| 245 ## - TITLE STATEMENT | |
| Title | TEST Punsarn |
| 850 ## - HOLDING INSTITUTION | |
| Holding institution | NALT |
| 942 ## - ADDED ENTRY ELEMENTS (KOHA) | |
| Source of classification or shelving scheme | Library of Congress Classification |
| Koha item type | CD |
| 996 ## - STAFF PROCESSING RECORDS (NALT) | |
| Staff name | jamriang.p |
| Staff type | LIBSTF |
| Acquisition or Cataloging date | 2023-03-09 |
| 998 ## - STAFF NAME (NALT) | |
| -- | 2 |
| -- | 2 |
| -- | punsarn |
ไม่มีตัวเล่มให้บริการ
